| 000 | 02801cam a2200517Mi 4500 | ||
|---|---|---|---|
| 003 | PE-LiUPU | ||
| 005 | 20250731172842.0 | ||
| 008 | 140416s2014 ilu o 001 0 eng d | ||
| 020 |
_a0830829407 _q(Volumen 1) |
||
| 020 |
_a9780830829408 _q(Volumen 1) |
||
| 035 | _a(Sirsi) i9780830829408 | ||
| 040 |
_aPE-LiUPU _bspa _cPE-LiUPU _erda |
||
| 049 | _aPRUA | ||
| 082 | 0 | 4 |
_a270.103 _bE5 _223 |
| 245 | 0 | 0 |
_aEncyclopedia of ancient Christianity / _ceditor general, Angelo Di Berardino ; consultar a los editores, Thomas C. Oden, Joel C. Elowsky ; editor de proyecto, James Hoover ; principales traductores, Joseph T. Papa, Erik A. Koenke, Eric E. Hewett. |
| 264 | 1 |
_aDowners Grove, Illinois : _bIVP Academic, _c2014 |
|
| 300 |
_ax-937 páginas : _c26 centímetros |
||
| 336 |
_atext _2rdacontent |
||
| 337 |
_aunmediated _2rdamedia |
||
| 338 |
_avolume _2rdacarrier |
||
| 505 | 0 | _aPreface to the Second English Edition -- Preface to the Second Italian Edition (2006) -- Preface to the First Italian Edition (1983) -- A note on Using the Encyclopedia -- Contributors -- Biblical Abbreviations -- Entries A-E -- Complete List of Articles. | |
| 526 | _aSEG42 | ||
| 526 | _aSEG41 | ||
| 526 | _aSEG40 | ||
| 526 | _aSEG39 | ||
| 526 | _aP94 | ||
| 526 | _aP87 | ||
| 526 | _aP86 | ||
| 526 | _aP85 | ||
| 526 | _aP77 | ||
| 526 | _aP76 | ||
| 526 | _aP35 | ||
| 650 | 6 |
_aIglesia _xHistoria _vDiccionarios.. |
|
| 650 | 6 |
_aLa literatura cristiana primitiva _vDiccionarios. |
|
| 700 | 1 |
_aDi Berardino, Angelo _eeditor intelectual. |
|
| 910 |
_ajck _bbpc _cbpc _d20160614 |
||
| 942 |
_2ddc _cBOOK |
||
| 949 |
_a270.103 E5 _wDEWEY _c1 _i73432 _lCCODEBUL1 _mBUL _p218.96 _r0 _sY _tBOOK _u2016-6-14 _xTEOLOGIA _PP35 _0COMPRA _o.CIRCNOTE. El documento es de alto precio. _o.STAFF. Colección General |
||
| 994 |
_aC0 _bPEPRU |
||
| 596 | _a1 | ||
| 999 |
_a270.103 E5 1 _wDEWEY _c9572 _i73132 _d9572 _e2016-8-25 _lLOST _mBUL _n1 _p75.00 _r1 _sY _tBOOK _u2016-5-26 _xPOSGRADO _PP85 _0COMPRA _o.CIRCNOTE. El documento es de alto precio. _o.STAFF. Posgrado |
||
| 999 |
_a270.103 E5 2 _wDEWEY _c1 _i73133 _d2018-4-23 _f2021-11-11 _g5 _lCCODEBUL1 _mBUL _p75.00 _q1 _r0 _sY _tBOOK _u2016-5-26 _xTEOLOGIA _PP85 _0COMPRA _o.CIRCNOTE. El documento es de alto precio. _o.STAFF. Posgrado |
||
| 999 |
_a270.103 E5 3 _wDEWEY _c1 _i73134 _d2017-7-2 _e2017-6-26 _f2021-11-11 _g5 _lCCODEBUL1 _mBUL _n1 _p75.00 _r0 _sY _tBOOK _u2016-5-26 _xTEOLOGIA _PP85 _0COMPRA _o.CIRCNOTE. El documento es de alto precio. _o.STAFF. Colección Teología |
||
| 999 |
_a270.103 E5 _wDEWEY _c1 _i73432 _d2018-5-14 _e2018-3-19 _f2021-11-11 _g5 _lCCODEBUL1 _mBUL _n1 _p218.96 _q3 _r0 _sY _tBOOK _u2016-6-14 _xTEOLOGIA _PP35 _0COMPRA _o.CIRCNOTE. El documento es de alto precio. _o.STAFF. Colección General |
||
| 980 |
_81 _gALBERTO SANCHEZ Responsable de Automatización |
||